Zero Base Pricing : Achieving World Class Competitiveness Through Reduce All-in-Costs : A Proactive Handbook for General Managers, Program Managers and Procurement Professionals /

I tiakina i:
Ngā taipitopito rārangi puna kōrero
Kaituhi matua: Burt, David N. (autor)
Ētahi atu kaituhi: Norquist, Warren E. (autor) (autor), Anklesaria, Jimmy (autor) (autor)
Hōputu: Pukapuka
Reo:Ingarihi
I whakaputaina: Chicago, EUA : Irwin, 1990, c1990
Ngā marau:
Ngā Tūtohu: Tāpirihia he Tūtohu
Kāore He Tūtohu, Me noho koe te mea tuatahi ki te tūtohu i tēnei pūkete!

MARC

LEADER 00000nam^a2200000^a^4500
001 000181285
005 20250521000000.0
009 20260310101926.066
020 |a 1-55738-132-1 
037 |a Acervo ITESO - Biblioteca 
041 |a ING 
082 |a 658. 816  |b BUR 
100 |a Burt, David N.  |e (autor) 
245 1 0 |a Zero Base Pricing :  |b Achieving World Class Competitiveness Through Reduce All-in-Costs : A Proactive Handbook for General Managers, Program Managers and Procurement Professionals /  |c D.N. Burt, W.E. Norquist, J. Anklesaria. 
264 4 |a Chicago, EUA :  |b Irwin,  |c 1990, c1990 
300 |a XI, 445 p. 
336 |a texto  |b txt  |2 rdacontenido 
337 |a sin mediación  |b n  |2 rdamedio 
338 |a volumen  |b nc  |2 rdasoporte 
649 |a XX 
650 |a Empresas -  |x Administración 
650 |a Clientes 
650 |a Ventas 
650 |a Valor (Economía) 
650 |a Costos de Operación 
650 |a Costos Fijos 
650 |a Eficiencia de Costos 
650 |a Precios 
650 |a Utilidad (Economía) 
650 |a Contabilidad de Costos 
650 |a Ingeniería Económica 
650 |a Ingeniería Industrial 
650 |a Administración 
650 |a Ciencias Administrativas 
700 |a Norquist, Warren E.  |e (autor) 
700 |a Anklesaria, Jimmy  |e (autor) 
910 |a Fondo General 
920 |a Impresos - Libros 
930 |a Colección General 
905 |a 101 
901 |a 0500120939  |b IT1  |c ACC  |u 20250521 
902 |a https://opac.biblio.iteso.mx/vufind/Record/000181285